书目信息 |
| 题名: |
为了大多数教师的课程实践
|
|
| 作者: | 陈大伟 著 | |
| 分册: | ||
| 出版信息: | 上海 华东师范大学出版社 2016 |
|
| 页数: | 209页 | |
| 开本: | 23cm | |
| 丛书名: | 大夏书系 | |
| 单 册: | ||
| 中图分类: | G632.421 | |
| 科图分类: | ||
| 主题词: | 课堂教学--ke tang jiao xue--教学研究--中小学 | |
| 电子资源: | ||
| ISBN: | 978-7-5675-5515-0 | |
| 000 | 01469nam 2200289 450 | |
| 001 | 012017000274 | |
| 005 | 20180111091258.57 | |
| 010 | @a978-7-5675-5515-0@b@dCNY35.00 | |
| 100 | @a20161015d2016 em y0chiy0121 ea | |
| 101 | 0 | @achi |
| 102 | @aCN@b310000 | |
| 105 | @aa z 000yy | |
| 106 | @ar | |
| 200 | 1 | @a为了大多数教师的课程实践@Awei le da duo shu jiao shi de ke cheng shi jian@e陈大伟观课议课对话录@f陈大伟著@g |
| 210 | @a上海@c华东师范大学出版社@d2016 | |
| 215 | @a209页@c图@d23cm | |
| 225 | 2 | @a大夏书系@Ada xia shu xi@i教师专业发展 |
| 314 | @a陈大伟, 成都大学师范学院副教授, 主要研究教师专业成长、课程实践和教学改革, 他所提出的“观课议课”产生了广泛而积极的影响, 被《人民教育》列为“创刊60年报道过的zui有影响力的事件”之一。 | |
| 330 | @a本书定位在针对问题、解决实践中的问题, 内容上大致如下: “理念探讨篇”, 主要涉及一些观课议课的认识问题。“实践应答篇”, 从理解观课议课、准备观课议课、实施观课议课的操作过程和其他方面回答一线教师的问题, 主要提供思路、方法和策略。“实践案例篇”提供了五个案例, 旨在帮助中小学教师学会教学, 有对小学语文、小学数学、初中语文、初中数学课例的观察和讨论, 值得广大教师细细研读。 | |
| 410 | 0 | @12001 @a大夏书系@i教师专业发展 |
| 517 | 1 | @a陈大伟观课议课对话录@Achen da wei guan ke yi ke dui hua lu |
| 606 | 0 | @a课堂教学@Ake tang jiao xue@x教学研究@x中小学 |
| 690 | @aG632.421@v5 | |
| 701 | 0 | @a陈大伟@Achen da wei@4著 |
| 801 | 0 | @aCN@b湖北三新@c20170417@g |
| 905 | @aBZT@dG632.421@e10 | |
| 906 | @dCNY35.00@n5@r1 | |
| 为了大多数教师的课程实践:陈大伟观课议课对话录/陈大伟著.-上海:华东师范大学出版社,2016 |
| 209页:图;23cm.-(大夏书系.教师专业发展) |
| ISBN 978-7-5675-5515-0:CNY35.00 |
| 本书定位在针对问题、解决实践中的问题, 内容上大致如下: “理念探讨篇”, 主要涉及一些观课议课的认识问题。“实践应答篇”, 从理解观课议课、准备观课议课、实施观课议课的操作过程和其他方面回答一线教师的问题, 主要提供思路、方法和策略。“实践案例篇”提供了五个案例, 旨在帮助中小学教师学会教学, 有对小学语文、小学数学、初中语文、初中数学课例的观察和讨论, 值得广大教师细细研读。 |
| ● |
| 相关链接 |
|
|
|
正题名:为了大多数教师的课程实践
索取号:G632.421/10
 
预约/预借
| 序号 | 登录号 | 条形码 | 馆藏地/架位号 | 状态 | 备注 |
| 1 | 842470 | 2000842470 | 第二书库/ [索取号:G632.421/10] | 在馆 | |
| 2 | 842471 | 2000842471 | 第二书库/ [索取号:G632.421/10] | 在馆 | |
| 3 | 842472 | 2000842472 | 第二书库/ [索取号:G632.421/10] | 在馆 | |
| 4 | 842473 | 2000842473 | 第二书库/ [索取号:G632.421/10] | 在馆 | |
| 5 | 842474 | 2000842474 | 第二书库/ [索取号:G632.421/10] | 在馆 |